000 01492nam0a22003491 4500
001 v19\rc\2037015
005 20251118181553.6
035 _a(NLR Aleph) 005115123
090 _a7534842
_c7534842
100 _a20080925e19171917|||y0rusy50 ca
101 0 _arus
102 _aRU
105 _ae j |||||
200 1 _aШаманство у сартов Восточного Туркестана
_e(К пояснению коллекции Музея антропологии и этнографии по восточно-туркестанскому шаманству)
_fС.Е. Малов
210 _aПетроград
_cтип. Рос. акад. наук
_d1917
215 _a16 с.
_cпл.
_d30
309 _aБез тит. л.
311 _aОтт. из 5 т. "Сб. Музея антропологии и этнографии при Рос. акад. наук"
488 0 _12001#$aСборник Музея антропологии и этнографии при Российской академии наук$vТ. 5
532 1 3 _aШаманство у сартов Восточного Туркестана
700 1 _aМалов
_bС. Е.
_f1880-1957
_gСергей Ефимович
801 0 _aRU
_bNLR
_gpsbo
801 0 _aRU
_bRuMoRGB
_2psbo
801 1 _aRU
_bProSoft-M
_2rusmarc
852 _aNLR
_j37.61.3.346
852 _aNLR
_bМф
_jК1/8964
899 _aRuMoRGB
_jV 78/1
899 _aБАН
899 _aГПИБ
942 _cBOOK
980 _aNB